Sports Quiz

Random Sports or MLB Quiz

Phillies Games Played 2000s Quiz Stats

 Plays Quiz not verified by Sporcle

Score 0/15 Timer 04:00
0 Plays Today
Games Played Player % Correct
732Ryan Howard
99.7%
1,406Jimmy Rollins
99.4%
891Chase Utley
98.1%
607Shane Victorino
93.1%
387Jayson Werth
90.2%
1,195Pat Burrell
86.8%
366Carlos Ruiz
84.5%
719Mike Lieberthal
76.7%
Games Played Player % Correct
1,050Bobby Abreu
75.4%
379Scott Rolen
69.4%
470David Bell
59.6%
532Doug Glanville
51.1%
366Travis Lee
42.9%
367Greg Dobbs
38.5%
383Jason Michaels
18.6%

You're not logged in!

Compare scores with friends on all Sporcle quizzes.
Join for Free
OR
Log In

You Might Also Like...

Show Comments

Extras

Top Quizzes Today


Score Distribution

Your Account Isn't Verified!

In order to create a playlist on Sporcle, you need to verify the email address you used during registration. Go to your Sporcle Settings to finish the process.

Report this User

Report this user for behavior that violates our Community Guidelines.

Details: